Centroamericanos redefiniendo las fronteras. Central Americans redefining the borders

El autor narra la experiencia de los trabajadores migrantes en los fresales del valle californiano de Salidas. Plantaciones que dependen de la mano de obra barata, sin embargo, en la historia de las luchas sindicales a favor de mejores condiciones laborales el autor encontró un horizonte de lucha, d...

Disgrifiad llawn

Wedi'i Gadw mewn:
Manylion Llyfryddiaeth
Prif Awdur: Rocha, José Luis
Fformat: Texto
Cyhoeddwyd: Managua: ENVIO
Pynciau:
Tagiau: Ychwanegu Tag
Dim Tagiau, Byddwch y cyntaf i dagio'r cofnod hwn!

MARC

LEADER 00000 a a2200000 04500
001 38912
003
040
090 |a 1001 R675c  
100 |a Rocha, José Luis  
245 |a Centroamericanos redefiniendo las fronteras. Central Americans redefining the borders  
260 |a Managua:   |b ENVIO  
300 |a 353 p.  
520 |a El autor narra la experiencia de los trabajadores migrantes en los fresales del valle californiano de Salidas. Plantaciones que dependen de la mano de obra barata, sin embargo, en la historia de las luchas sindicales a favor de mejores condiciones laborales el autor encontró un horizonte de lucha, de lucidez y de cambio  
650 |a IDENTIDAD SOCIAL  
650 |a FRONTERAS  
650 |a NICARAGUA  
650 |a COSTA RICA  
650 |a CAMBIO SOCIAL  
999 |c 11344  |d 11344